000 00516nam a22002057a 4500
003 OSt
005 20140310182939.0
008 130202t xxu||||| |||| 00| 0 eng d
020 _a9715690645
050 _aPZ8.3
_b.So687 1992
082 _aFIL808.0681
_b.So41 1992
245 _aChun
_cSoliven,Marivi V.
260 _aMakati City
_bBookmark
_cc1992
300 _a1v. (unpaged) : ill.
_c17cm.
521 _acollege students
526 _c1210L-1700L
541 _j1
562 _e1
942 _2lcc
_cBK
_kFIL
999 _c17682
_d17682